The Embassy of Sir Thomas Roe to the Court of the Great Mogul, 1615-1619. Edited from Contemporary Records by William Foster, B. A.
Guardado en:
| Autor principal: | |
|---|---|
| Formato: | Libro |
| Lenguaje: | inglés |
| Publicado: |
Londres
Hakluyt Society
1899
|
| Edición: | 1a. ed |
| Colección: | Hakluyt Society, Second series 1
|
| Materias: | |
| Etiquetas: |
Agregar Etiqueta
Sin Etiquetas, Sea el primero en etiquetar este registro!
|
MARC
| LEADER | 00000nam a2200000 a 4500 | ||
|---|---|---|---|
| 001 | UCJ5662 | ||
| 003 | CL-VaPUC | ||
| 008 | 070124e18990000UK |||||||||||||||||eng|d | ||
| 082 | 0 | 4 | |a 910.4 |b ROE |2 21 |
| 100 | 0 | |a Roe, Thomas |e author |9 511158 | |
| 245 | 1 | 4 | |a The Embassy of Sir Thomas Roe to the Court of the Great Mogul, 1615-1619. Edited from Contemporary Records by William Foster, B. A. |
| 246 | 1 | 4 | |a The Journal of Sir Thomas Roe during his Embassy to India. Brit. Mus.- Addl. MS. 6115 |
| 250 | |a 1a. ed | ||
| 300 | |a 2 v | ||
| 942 | |c BK | ||
| 945 | |d 20070124 00:00:00 |a rinostro | ||
| 260 | |a Londres |b Hakluyt Society |c 1899 | ||
| 500 | |a Front. v.1, retrato de Sir Thomas Roe; id v.2 retrato del Emperador Jahangir; mapa, facsímil de carta, sello imperial y retrato del Rev. Edward Terry, conformes | ||
| 600 | 0 | 7 | |a TERRY, EDWARD |2 CL-VaPUC |9 511159 |
| 600 | 0 | 7 | |a JAHANGIR |2 CL-VaPUC |9 511160 |
| 650 | 0 | |a Viajes |9 257115 | |
| 650 | 0 | |a Diplomacia |9 256483 | |
| 650 | 7 | |a COLONIZACION INGLESA |2 CL-VaPUC |9 506988 | |
| 650 | 7 | |a DIARIO |2 CL-VaPUC |9 441581 | |
| 650 | 7 | |a DOCUMENTOS |2 CL-VaPUC |9 366450 | |
| 650 | 0 | |a Correspondencia |9 258963 | |
| 650 | 0 | |a Mapas |9 260844 | |
| 650 | 0 | |a Iconografía |9 267998 | |
| 650 | 0 | |a Cartografía |9 266055 | |
| 650 | 0 | |a Ilustraciones |9 369481 | |
| 650 | 0 | |a Numismática |9 318332 | |
| 651 | 0 | |a India |9 267804 | |
| 651 | 7 | |a PERSIA |2 CL-VaPUC |9 316501 | |
| 651 | 7 | |a IRAN |2 CL-VaPUC |9 314095 | |
| 583 | |a last modification |c 20070124 00:00:00 |k Rodrigo Vera | ||
| 490 | 0 | |a Hakluyt Society, Second series 1 | |
| 999 | |c 321771 |d 321769 | ||
| 952 | |0 0 |1 0 |4 0 |6 910_400000000000000_ROE_1899 |7 0 |8 X |9 400606 |a FDOBUD |b FDOBUD |d 2019-11-22 |h v.1 |i 1037838 |o 910.4 ROE 1899 |p 1037838 |r 2019-11-22 |w 2019-11-22 |y BK_X |k BUD | ||
| 952 | |0 0 |1 0 |4 0 |6 910_400000000000000_ROE_1899 |7 0 |8 X |9 400607 |a FDOBUD |b FDOBUD |d 2019-11-22 |h v.2 |i 1037846 |o 910.4 ROE 1899 |p 1037846 |r 2019-11-22 |w 2019-11-22 |y BK_X |k BUD | ||